Vplyv hypometylačných látok na rozvoj rezistencie pri hematoonkologických ochoreniach
Guardado en:
| Autor principal: | |
|---|---|
| Otros Autores: | |
| Formato: | Manuscrito Libro |
| Lenguaje: | eslovaco |
| Publicado: |
2022
|
| Materias: | |
| Acceso en línea: | http://is.stuba.sk/zp/portal_zp.pl?podrobnosti=152521 |
| Etiquetas: |
Sin Etiquetas, Sea el primero en etiquetar este registro!
|
MARC
| LEADER | 00000ntm a22000003a 4500 | ||
|---|---|---|---|
| 001 | stuzp71283 | ||
| 003 | SK-STU | ||
| 005 | 20220827210340.8 | ||
| 007 | ta | ||
| 008 | 150427s2015----xo-----f-mn---000-0-slo-d | ||
| 040 | |a STU |b slo | ||
| 041 | 0 | |a slo | |
| 100 | 1 | |a Janotka, Ľuboš |u 043000 |4 aut |U FCHPT Fakulta chemickej a potravinárskej technológie |T FCHPT Ústav biochémie a mikrobiológie |X 63708 |U C3000 |Y 101 |7 63708 | |
| 242 | 0 | 1 | |a Impact of hypomethylating agents on the development of resistance in hematologic malignancies |y eng |
| 245 | 1 | 0 | |a Vplyv hypometylačných látok na rozvoj rezistencie pri hematoonkologických ochoreniach |
| 260 | |c 2022 | ||
| 650 | 4 | |a 5-azacytidín |2 slo | |
| 650 | 4 | |a akútna myeloidná leukémia |2 slo | |
| 650 | 4 | |a myelodysplastický syndróm |2 slo | |
| 650 | 4 | |a chemorezistencia |2 slo | |
| 650 | 4 | |a Hypometylačné látky |2 slo | |
| 650 | 4 | |a 5-aza-2'-deoxycytidín |2 slo | |
| 650 | 4 | |a acute myeloid leukemia |2 eng | |
| 650 | 4 | |a myelodysplastic syndromes |2 eng | |
| 650 | 4 | |a chemoresistance |2 eng | |
| 650 | 4 | |a 5-azacytidine |2 eng | |
| 650 | 4 | |a 5-aza-2´-deoxycytidine |2 eng | |
| 650 | 4 | |a Hypomethylating agents |2 eng | |
| 700 | 1 | |a Messingerová, Lucia |u 043000 |k Z2 |4 ths |U FCHPT Fakulta chemickej a potravinárskej technológie |T FCHPT Ústav biochémie a mikrobiológie |X 8245 |U C3000 |Y 101 |7 8245 | |
| 856 | 4 | |u http://is.stuba.sk/zp/portal_zp.pl?podrobnosti=152521 | |